Dos controladores analogicos programables.
Na minha lista:
| Autor principal: | |
|---|---|
| Formato: | Tese Livro |
| Idioma: | Undetermined |
| Publicado em: |
1987
|
| Assuntos: | |
| Tags: |
Adicionar Tag
Sem tags, seja o primeiro a adicionar uma tag!
|
MARC
| LEADER | 00000nam a2200000Ia 4500 | ||
|---|---|---|---|
| 001 | 4474 | ||
| 008 | 140114s9999 xx 000 0 und d | ||
| 100 | |a Coto Barboza, Hernan A | ||
| 245 | |a Dos controladores analogicos programables. | ||
| 260 | |c 1987 | ||
| 500 | |a NULL | ||
| 502 | |a Escuela de ingenieria Electrica | ||
| 650 | |z CONTROLADORES ANALOGICOS PROGRAMABLES | ||
| 999 | |c 11799 |d 11799 | ||
